ՀՀ Գիտությունների ազգային ակադեմիայի հիմնարար գիտական գրադարան  =   Fundamental Scientific Library of NAS RA

Одесса : (Record no. 273960)

MARC details
000 -LEADER
fixed length control field 00636nam a2200205 a 4500
001 - CONTROL NUMBER
control field 000740660
003 - CONTROL NUMBER IDENTIFIER
control field AM-YeHGA
005 - DATE AND TIME OF LATEST TRANSACTION
control field 20250617143353.0
008 - FIXED-LENGTH DATA ELEMENTS--GENERAL INFORMATION
fixed length control field 100604s1969 ||| r 000 0 rus d
040 ## - CATALOGING SOURCE
Original cataloging agency AM-YeHGA
041 0# - LANGUAGE CODE
Language code of text/sound track or separate title rus
090 ## - LOCALLY ASSIGNED LC-TYPE CALL NUMBER (OCLC); LOCAL CALL NUMBER (RLIN)
-- 275603
100 1# - MAIN ENTRY--PERSONAL NAME
Personal name Коляда, Иван Митрофанович
245 10 - TITLE STATEMENT
Title Одесса :
Remainder of title Путеводитель /
Statement of responsibility, etc. И. Коляда.
250 ## - EDITION STATEMENT
Edition statement 6-е изд., доп.
260 ## - PUBLICATION, DISTRIBUTION, ETC.
Place of publication, distribution, etc. Одесса :
Name of publisher, distributor, etc. Маяк,
Date of publication, distribution, etc. 1969.
300 ## - PHYSICAL DESCRIPTION
Extent 189 с. :
Other physical details [16] л. ил.
500 ## - GENERAL NOTE
General note На тит. л. авт. не указан
653 0# - INDEX TERM--UNCONTROLLED
Uncontrolled term Одесса - Путеводители
Holdings
Withdrawn status Lost status Damaged status Not for loan Collection Home library Current library Date acquired Total checkouts Full call number Barcode Date last seen Price effective from Koha item type Public note
        General Fundamental Scientific Library Fundamental Scientific Library 29/12/2016   PI/22899 FL0161696 29/12/2016 29/12/2016 Գրքեր / Books 30 Days Loan


ՀՀ ԳԱԱ հիմնարար գիտական գրադարան
ՀՀ,Երևան 0019
Մարշալ Բաղրամյան 24/6
հեռախոս:(374-10) 52-47-50
Հետադարձ կապ

All site content, except where otherwise noted, is licensed under a
Creative Commons License